000 00339 a2200157 4500
001 177531
020 _a
040 _cMagnum
100 _aRamos, Roberto Carlos
240 1 0 _aO contadoe de historias
_lpor
245 1 0 _aO contadoe de historias
362 0 _a1899
440 1 _aLeitura
697 _aMAGNITO: IJ/CONTOS
942 _cBK
999 _c177531
_d177531